Etnoeducación: texto para maestras y maestros. Grados preescolar, 1 y 2 : volumen 1 (Registro nro. 733981)
[ vista simple ]
| 001 - NÚMERO DE CONTROL | |
|---|---|
| campo de control | 1432422 |
| 005 - FECHA Y HORA DE LA ÚLTIMA TRANSACCIÓN | |
| campo de control | 20260508090503.0 |
| 008 - DATOS DE LONGITUD FIJA--INFORMACIÓN GENERAL | |
| campo de control de longitud fija | 160206nuuuuuuuu spa |
| 020 ## - NÚMERO INTERNACIONAL ESTÁNDAR DEL LIBRO | |
| Número Internacional Estándar del Libro | 9789588711843 |
| 035 ## - NÚMERO DE CONTROL DEL SISTEMA | |
| Número de control de sistema | 1432422 |
| 040 ## - FUENTE DE LA CATALOGACIÓN | |
| Centro/agencia transcriptor | comduadb |
| 041 ## - CÓDIGO DE LENGUA | |
| Código de lengua del texto/banda sonora o título independiente | spa |
| 080 ## - NÚMERO DE LA CLASIFICACIÓN DECIMAL UNIVERSAL | |
| Número de la Clasificación Decimal Universal | B |
| 082 #4 - NÚMERO DE LA CLASIFICACIÓN DECIMAL DEWEY | |
| Número de clasificación | 370 |
| 110 20 - ENTRADA PRINCIPAL--NOMBRE DE ENTIDAD CORPORATIVA | |
| Nombre de entidad corporativa o nombre de jurisdicción como elemento de entrada | Universidad de Antioquia. Facultad de Educacion. Centro de Extension e Investigacion |
| Código de función | aut |
| Término indicativo de función/relación | Autor/a |
| 9 (RLIN) | 828462 |
| 245 10 - MENCIÓN DE TÍTULO | |
| Título | Etnoeducación: texto para maestras y maestros. Grados preescolar, 1 y 2 : volumen 1 |
| 250 ## - MENCIÓN DE EDICIÓN | |
| Mención de edición | 1. edición |
| 260 ## - PUBLICACIÓN, DISTRIBUCIÓN, ETC. | |
| Lugar de publicación, distribución, etc. | Medellín : |
| Nombre del editor, distribuidor, etc. | Facultad de Educacion, Universidad de Antioquia ; |
| -- | Secretaria de Educacion, |
| Fecha de publicación, distribución, etc. | 2015. |
| 300 ## - DESCRIPCIÓN FÍSICA | |
| Extensión | 179 páginas : |
| Otras características físicas | ilustraciones a color |
| 520 3# - SUMARIO, ETC. | |
| Sumario, etc. | La etnoeducación es una estrategia transformadora enfocada en el SER, que crea puentes de interculturalidad para fortalecer el autoreconocimiento, la otredad, las competencias ciudadanas, los vales, la alteridad, la sostenibilidad y el respeto. Antioquia la más educada, es el segundo departamento con mayor población afro del país y con presencia de cinco pueblos indígenas en nuestro territorio, por esto avanza en la comprensión de su multiculturalidad con procesos de formación social, a través de acciones y oportunidades encaminadas a la construcción de una escuela incluyente, pertinente y de calidad. |
| 650 ## - PUNTO DE ACCESO ADICIONAL DE MATERIA--TÉRMINO DE MATERIA | |
| Término de materia o nombre geográfico como elemento de entrada | Diversidad étnica |
| 9 (RLIN) | 192454 |
| 650 ## - PUNTO DE ACCESO ADICIONAL DE MATERIA--TÉRMINO DE MATERIA | |
| Término de materia o nombre geográfico como elemento de entrada | Identidad afrocolombiana |
| 9 (RLIN) | 153215 |
| 650 ## - PUNTO DE ACCESO ADICIONAL DE MATERIA--TÉRMINO DE MATERIA | |
| Término de materia o nombre geográfico como elemento de entrada | Diáspora africana |
| 9 (RLIN) | 217005 |
| 650 #7 - PUNTO DE ACCESO ADICIONAL DE MATERIA--TÉRMINO DE MATERIA | |
| Término de materia o nombre geográfico como elemento de entrada | Personas negras |
| Fuente del encabezamiento o término | embne |
| 9 (RLIN) | 2133 |
| 650 ## - PUNTO DE ACCESO ADICIONAL DE MATERIA--TÉRMINO DE MATERIA | |
| Término de materia o nombre geográfico como elemento de entrada | Etnoeducacion - Antioquia |
| 9 (RLIN) | 158498 |
| 650 #7 - PUNTO DE ACCESO ADICIONAL DE MATERIA--TÉRMINO DE MATERIA | |
| Término de materia o nombre geográfico como elemento de entrada | Planificación curricular |
| Fuente del encabezamiento o término | lemb |
| 9 (RLIN) | 7335 |
| 650 #7 - PUNTO DE ACCESO ADICIONAL DE MATERIA--TÉRMINO DE MATERIA | |
| Término de materia o nombre geográfico como elemento de entrada | Personas negras |
| Fuente del encabezamiento o término | embne |
| 9 (RLIN) | 2133 |
| 700 10 - ENTRADA AGREGADA--NOMBRE PERSONAL | |
| Nombre de persona | Mena Lozano, Ángela Emilia |
| Código de función | edt |
| Término indicativo de función/relación | Editor/a |
| 9 (RLIN) | 533076 |
| 700 10 - ENTRADA AGREGADA--NOMBRE PERSONAL | |
| Nombre de persona | Simanca, Pedro León |
| Código de función | edt |
| Término indicativo de función/relación | Editor/a |
| 9 (RLIN) | 743464 |
| 700 10 - ENTRADA AGREGADA--NOMBRE PERSONAL | |
| Nombre de persona | Gómez Ceballos, Diana Lucía |
| Código de función | ill |
| Término indicativo de función/relación | Ilustrador/a |
| 9 (RLIN) | 282918 |
| 700 10 - ENTRADA AGREGADA--NOMBRE PERSONAL | |
| Nombre de persona | Sánchez Mosquera, Karen J. |
| Código de función | ill |
| Término indicativo de función/relación | Ilustrador/a |
| 9 (RLIN) | 754414 |
| 700 10 - ENTRADA AGREGADA--NOMBRE PERSONAL | |
| Nombre de persona | Minotta Valencia, Carlos |
| Código de función | ill |
| Término indicativo de función/relación | Ilustrador/a |
| 9 (RLIN) | 628101 |
| 942 ## - ELEMENTOS DE ENTRADA AGREGADA (KOHA) | |
| Tipo de ítem Koha | Libros |
| Estado de retiro | Estado de pérdida | Estado dañado | No para préstamo | Código de colección | Localización permanente | Ubicación/localización actual | Fecha de adquisición | Número de inventario | Total de préstamos | Signatura topográfica completa | Código de barras | Fecha visto por última vez | Número de copia | Precio válido a partir de | Tipo de ítem Koha | Fuente de adquisición | Coste, precio normal de compra |
|---|---|---|---|---|---|---|---|---|---|---|---|---|---|---|---|---|---|
| Colección General Piso 2 | Biblioteca Carlos Gaviria Díaz, Campus Medellín | Biblioteca Carlos Gaviria Díaz, Campus Medellín | 08/03/2016 | C1241306 | 370.196 E84 v1 | 1045436 | 22/10/2025 | 2 | 03/05/2023 | Libros | Material adquirido por donación | 36000.00 | |||||
| Colección General | Centro Documentación Educación (Bl. 9-140) | Centro Documentación Educación (Bl. 9-140) | 06/02/2016 | C1239597 | B/0165 T. 1 | 0730171 | 03/05/2023 | 1 | 03/05/2023 | Libros |